• 首页
  • 本馆介绍
  • 公告通知
  • 最新文献
  • 馆藏检索
  • 电子资源
  • 读者导购
  • 参考咨询
  • 我的图书馆
  • 登录
  • 详细信息显示
  • 放入我的书架
  • 预约/预借图书
  • 作者相关作品
  • 分类相关作品
  • 丛书相关作品
  • 出版社相关作品

书目信息

  • 表格格式
  • 工作单格式
  • 卡片格式
题名:
中级财务管理
    
 
作者: ;中华会计网校 编
分册:  
出版信息: 北京   人民出版社  2009
页数: 226页
开本: 26cm
丛书名: 2009年全国会计专业技术资格统一考试梦想成真系列辅导丛书
单 册:
中图分类: F23 , F275
科图分类:
主题词: 会计--考核--自学参考资料 , 企业管理--财务管理--考核--自学参考资料 , 会计 , 企业管理 , 财务管理
电子资源:
ISBN: 978-7-01-007525-9
000 01120oam2 2200325 45
001 1050838000
005 20100415165118.53
010    @a978-7-01-007525-9@dCNY36.00
100    @a20100409d2009 em y0chiy50 ea
101 0  @achi
102    @aCN@b110000
105    @ay z 000yy
106    @ar
200 1  @a中级财务管理@AZhong Ji Cai Wu Guan Li@e应试指南@EYing Shi Zhi Nan@f中华会计网校编@FZhong Hua Hui Ji Wang Xiao Bian
205    @a2版
210    @a北京@c人民出版社@d2009
215    @a226页@d26cm
225 2  @a2009年全国会计专业技术资格统一考试梦想成真系列辅导丛书
330    @a本书共分为四个部分,包括命题趋势及预测应试技巧、应试指导及同步训练、跨章节综合练习题和全真模拟试题及参考答案。
461  0 @12001 @a2009年全国会计专业技术资格统一考试梦想成真系列辅导丛书
606 0  @a会计@x考核@j自学参考资料
606 0  @a企业管理@x财务管理@x考核@j自学参考资料
606 0  @a会计
606 0  @a企业管理
606 0  @a财务管理
690    @aF23@v4
690    @aF275@v4
711 02 @a中华会计网校@AZhong Hua Hui Ji Wang Xiao@4编
801  0 @aCN@bTANGWEI@c20100415
905    @b0590962-66@dF23@e370=2@f5
    
    中级财务管理:应试指南/中华会计网校编.-2版.-北京:人民出版社,2009
    226页;26cm.-(2009年全国会计专业技术资格统一考试梦想成真系列辅导丛书)
    
    
    ISBN 978-7-01-007525-9:CNY36.00
    本书共分为四个部分,包括命题趋势及预测应试技巧、应试指导及同步训练、跨章节综合练习题和全真模拟试题及参考答案。
●
相关链接 在E读中查询图书 在五车中查询图书 在当当中查询图书 在豆瓣中查询图书


正题名:中级财务管理     索取号:F23/370=2         预约/预借

序号 登录号 条形码 馆藏地/架位号 状态 备注
1 0590962   205909622   第一样本阅览室/ [索取号:F23/370=2] 在馆    
2 0590963   205909631   第一借阅区/ [索取号:F23/370=2] 在馆    
3 0590964   205909640   第一借阅区/ [索取号:F23/370=2] 在馆    
4 0590965   205909659   第一借阅区/ [索取号:F23/370=2] 在馆    
5 0590966   205909668   第一借阅区/ [索取号:F23/370=2] 在馆    
唐山师范学院图书馆 欢迎您!
大连网信软件有限公司© 版权所有